[Event "4NCL 3 South pool B"]
[Site "Telford, ENG ENG"]
[Date "2015.11.14"]
[Round "1.95"]
[White "Jones, Steven A"]
[Black "Redman, David J"]
[Result "1-0"]
[WhiteElo "2160"]
[BlackElo "2252"]
[PlyCount "65"]
[EventDate "2015.11.14"]

1. e4 Nf6 2. e5 Nd5 3. c4 Nb6 4. d4 d6 5. exd6 exd6 6. Nc3 Nc6 7. Nf3 Bg4 8.
Be3 Be7 9. h3 Bh5 10. g4 Bg6 11. d5 Nb8 12. Qd2 N8d7 13. h4 h6 14. O-O-O Nc5
15. Bd4 O-O 16. g5 hxg5 17. hxg5 Ne4 18. Nxe4 Bxe4 19. Bd3 Bxf3 20. Bh7+ Kh8
21. Qc3 Bxg5+ 22. Kb1 Bxh1 23. Rxh1 f6 24. Bf5+ Kg8 25. Qh3 Bh6 26. Qg4 Qe7 27.
Rxh6 Qe1+ 28. Kc2 Rae8 29. Bd3 Qe7 30. Rh8+ Kxh8 31. Qh5+ Kg8 32. Qh7+ Kf7 33.
Bg6# 1-0

[Event "4NCL 3 South pool B"]
[Site "Telford, ENG ENG"]
[Date "2015.11.14"]
[Round "1.96"]
[White "Byway, Paul V"]
[Black "Shepherd, Paul D"]
[Result "1/2-1/2"]
[WhiteElo "2103"]
[BlackElo "2062"]
[PlyCount "98"]
[EventDate "2015.11.14"]

1. Nf3 d5 2. e3 c5 3. d4 e6 4. b3 Nc6 5. Bd3 Nf6 6. Bb2 Be7 7. O-O b6 8. Nbd2
Bb7 9. c4 Qc7 10. Rc1 Rd8 11. Qe2 O-O 12. cxd5 Nxd5 13. dxc5 bxc5 14. a3 Qb6
15. Nc4 Qc7 16. Rfd1 Bf6 17. Bxf6 Nxf6 18. Qb2 Rd5 19. e4 Rh5 20. e5 Nd7 21.
Re1 f6 22. Re3 fxe5 23. Rce1 Rxf3 24. Rxf3 Nd4 25. Rg3 Nf6 26. Nd2 Nd5 27. Ne4
Qe7 28. b4 cxb4 29. axb4 Nf4 30. Bf1 Qh4 31. h3 Bxe4 32. Rxe4 Rf5 33. Rg4 Qh5
34. Rxd4 exd4 35. Qxd4 Qf7 36. Bc4 Nd5 37. Bd3 Rf4 38. Rxf4 Nxf4 39. Qd8+ Qf8
40. Bxh7+ Kf7 41. Qc7+ Ke8 42. Qb8+ Ke7 43. Qxa7+ Kf6 44. Qd4+ Kg5 45. Qc5+
Qxc5 46. bxc5 g6 47. c6 Nd5 48. h4+ Kh6 49. Bg8 Nc7 1/2-1/2

[Event "4NCL 3 South pool B"]
[Site "Telford, ENG ENG"]
[Date "2015.11.14"]
[Round "1.97"]
[White "Seymour, Timothy P"]
[Black "Rosen, Daniel B"]
[Result "1/2-1/2"]
[WhiteElo "2082"]
[BlackElo "2054"]
[PlyCount "120"]
[EventDate "2015.11.14"]

1. e4 g6 2. d4 d6 3. Nf3 Bg7 4. c3 Nf6 5. Bd3 O-O 6. O-O Bg4 7. h3 Bxf3 8. Qxf3
Nc6 9. Bb5 Nd7 10. Bg5 Qe8 11. d5 Nce5 12. Qe2 c6 13. Ba4 Nb6 14. Bb3 Ned7 15.
Rd1 a5 16. Na3 h6 17. Be3 Qd8 18. f4 a4 19. Bc2 Ra5 20. dxc6 bxc6 21. Nc4 Rb5
22. e5 Nxc4 23. Qxc4 Rxb2 24. Bxa4 c5 25. Bxd7 Qxd7 26. Qxc5 Rc8 27. Qd5 Qe8
28. Bd4 dxe5 29. fxe5 e6 30. Qe4 Qa4 31. Rdb1 Rxa2 32. Rxa2 Qxa2 33. Rb7 Qa4
34. Rxf7 Kxf7 35. Qb7+ Kf8 36. Qxc8+ Qe8 37. Bc5+ Kf7 38. Qc7+ Kg8 39. Bd6 Bf8
40. c4 Qa8 41. Kh2 Qe4 42. Qc5 Qf4+ 43. g3 Qd2+ 44. Kh1 Qe1+ 45. Kg2 Qe4+ 46.
Kf2 Qc2+ 47. Kf3 Qd1+ 48. Kg2 Bxd6 49. exd6 Qd2+ 50. Kh1 Qd1+ 51. Kg2 Qd2+ 52.
Qf2 Qxd6 53. Qf4 Qc6+ 54. Kf2 Qb6+ 55. Ke2 Qb2+ 56. Kd3 e5 57. Qg4 Qb3+ 58. Kd2
Qb2+ 59. Kd3 Qb3+ 60. Kd2 Qb2+ 1/2-1/2

[Event "4NCL 3 South pool B"]
[Site "Telford, ENG ENG"]
[Date "2015.11.14"]
[Round "1.98"]
[White "McCorry, Robert T"]
[Black "Singleton, Michael P F"]
[Result "0-1"]
[WhiteElo "2045"]
[BlackElo "2126"]
[PlyCount "140"]
[EventDate "2015.11.14"]

1. Nf3 d5 2. d4 c5 3. c4 e6 4. cxd5 exd5 5. g3 Nf6 6. Bg2 Nc6 7. O-O Be7 8. b3
O-O 9. Bb2 Bf5 10. dxc5 Bxc5 11. Nc3 Qd7 12. Rc1 Be7 13. Nd4 Bh3 14. Nxc6 bxc6
15. Na4 Bxg2 16. Kxg2 Rac8 17. Bd4 Ne4 18. Nc5 Bxc5 19. Bxc5 Rfe8 20. Qd3 h5
21. h4 Rc7 22. Rc2 Qg4 23. Be3 Re6 24. Bf4 Nd6 25. Qf3 Rc8 26. Qxg4 hxg4 27.
Rd1 f5 28. Rd4 Nb5 29. Rxd5 Rxe2 30. Rdd2 Re4 31. Be3 Na3 32. Rc1 c5 33. Rxc5
Rxc5 34. Bxc5 Nb5 35. a4 Nc3 36. Rd8+ Kh7 37. Bxa7 Re1 38. a5 Rb1 39. Rd3 Ne2
40. f3 Rb2 41. Bf2 f4 42. fxg4 fxg3 43. Rxg3 Nxg3 44. Kxg3 Rxb3+ 45. Kf4 Rb4+
46. Kf3 Ra4 47. Bb6 Kg6 48. h5+ Kh6 49. Be3+ Kh7 50. Bd2 Kg8 51. g5 Rh4 52. Bf4
Rh3+ 53. Kg4 Ra3 54. Bc7 Kh7 55. Kf5 Rf3+ 56. Ke4 Rh3 57. Bf4 Rxh5 58. Kd5 Rh4
59. Bd2 Ra4 60. Kc5 Ra2 61. Be3 Rxa5+ 62. Kd4 Kg6 63. Ke4 Ra4+ 64. Kf3 Ra3 65.
Kf4 Rxe3 66. Kxe3 Kxg5 67. Kf3 Kh4 68. Kf2 Kh3 69. Kf3 g5 70. Kf2 g4 0-1

[Event "4NCL 3 South pool B"]
[Site "Telford, ENG ENG"]
[Date "2015.11.14"]
[Round "1.99"]
[White "Crombleholme, Alan K"]
[Black "McMahon, Paul"]
[Result "1/2-1/2"]
[WhiteElo "2081"]
[BlackElo "1996"]
[PlyCount "65"]
[EventDate "2015.11.14"]

1. Nf3 Nf6 2. c4 e6 3. g3 d5 4. b3 b6 5. Bg2 Bb7 6. O-O Nbd7 7. d4 Bd6 8. Nc3
a6 9. Qc2 Qe7 10. Bg5 h6 11. Bxf6 Nxf6 12. Ne5 O-O 13. cxd5 exd5 14. Nc4 Rfe8
15. Ne3 Rab8 16. Qf5 Qe6 17. Rac1 Qxf5 18. Nxf5 Bb4 19. e3 Rbd8 20. Na4 Bc8 21.
Nh4 Re7 22. Rc2 Bd6 23. Rfc1 g5 24. Nf3 Bf5 25. Rc6 Bd7 26. Ne5 Bxe5 27. dxe5
Ne8 28. Rxh6 Kg7 29. Rh5 Kg6 30. Rh8 Kg7 31. Rh5 Kg6 32. Rh8 Kg7 33. Rh5
1/2-1/2

[Event "4NCL 3 South pool B"]
[Site "Telford, ENG ENG"]
[Date "2015.11.14"]
[Round "1.99"]
[White "Mountford, Corinne"]
[Black "Wright, Jonathan"]
[Result "1/2-1/2"]
[WhiteElo "1705"]
[BlackElo "1923"]
[PlyCount "64"]
[EventDate "2015.11.14"]

1. d4 Nf6 2. Bf4 g6 3. e3 Bg7 4. Nf3 d6 5. h3 O-O 6. Be2 Nfd7 7. Bh2 c5 8. c3
b6 9. O-O Ba6 10. Nbd2 Bxe2 11. Qxe2 f5 12. Qc4+ Kh8 13. Ng5 Nf6 14. Ne6 Qd7
15. Nxf8 Bxf8 16. Nf3 d5 17. Qe2 c4 18. Ne5 Qe6 19. Rac1 Nbd7 20. Nf3 Ne4 21.
Ne1 Bh6 22. Rc2 Ndf6 23. Be5 Kg8 24. f3 Nd6 25. Qf2 Rf8 26. Re2 Nh5 27. Bxd6
Qxd6 28. f4 Nf6 29. g3 Ne4 30. Qg2 b5 31. a3 Bg7 32. Nf3 a5 1/2-1/2

[Event "4NCL 3 South pool B"]
[Site "Telford, ENG ENG"]
[Date "2015.11.14"]
[Round "1.99"]
[White "Farkas, Daniel"]
[Black "Gill, Oliver"]
[Result "1/2-1/2"]
[WhiteElo "2107"]
[BlackElo "2074"]
[PlyCount "22"]
[EventDate "2015.11.14"]

1. d4 d5 2. Bf4 Nc6 3. e3 Nf6 4. Nf3 Bg4 5. c4 dxc4 6. Bxc4 e5 7. Bxe5 Nxe5 8.
dxe5 Qxd1+ 9. Kxd1 Nd7 10. Be2 O-O-O 11. Kc2 Bxf3 1/2-1/2

[Event "4NCL 3 South pool B"]
[Site "Telford, ENG ENG"]
[Date "2015.11.14"]
[Round "1.99"]
[White "Pleasants, Allan J"]
[Black "Agnew, Alan"]
[Result "1/2-1/2"]
[WhiteElo "2030"]
[BlackElo "2102"]
[PlyCount "105"]
[EventDate "2015.11.14"]

1. d4 d6 2. Nf3 g6 3. g3 Bg7 4. Bg2 Nf6 5. O-O O-O 6. c4 Nbd7 7. Nc3 c6 8. h3
Re8 9. Bg5 h6 10. Be3 e5 11. dxe5 Nxe5 12. Nxe5 dxe5 13. Qxd8 Rxd8 14. Rad1 Be6
15. b3 Bf8 16. g4 Rxd1 17. Rxd1 Kg7 18. f4 Bb4 19. Na4 exf4 20. Bxf4 Nd7 21.
Be3 Kh7 22. Bd4 Rc8 23. Nb2 a5 24. Nd3 Bd6 25. c5 Bc7 26. Rb1 Rd8 27. e3 f5 28.
Bf3 Rf8 29. Kg2 Nf6 30. Nf2 fxg4 31. Nxg4 Nxg4 32. hxg4 Ra8 33. a3 Ra7 34. Rb2
Ra8 35. b4 axb4 36. axb4 Ra2 37. Rxa2 Bxa2 38. e4 Bf7 39. Be2 h5 40. gxh5 gxh5
41. e5 Kg6 42. b5 Kf5 43. bxc6 bxc6 44. Bd3+ Kf4 45. Bf2 Bd5+ 46. Kh3 Kf3 47.
Bg3 Be6+ 48. Kh2 h4 49. Bxh4 Bxe5+ 50. Kg1 Bd4+ 51. Kf1 Bxc5 52. Ke1 Ke3 53.
Bf2+ 1/2-1/2

[Event "4NCL 3 South pool B"]
[Site "Telford, ENG ENG"]
[Date "2015.11.14"]
[Round "1.99"]
[White "Millward, Kevin P"]
[Black "De Coverly, Roger D"]
[Result "0-1"]
[WhiteElo "1996"]
[BlackElo "2029"]
[PlyCount "98"]
[EventDate "2015.11.14"]

1. g3 e5 2. Bg2 d5 3. d3 Nc6 4. a3 a5 5. b3 Nf6 6. e3 Be6 7. Ne2 Qd7 8. h3 Bd6
9. Nd2 O-O 10. Bb2 Rad8 11. Nf3 h6 12. Nd2 Rfe8 13. g4 d4 14. Bxc6 Qxc6 15. e4
Qd7 16. O-O h5 17. f3 g6 18. Qe1 Bf8 19. Nc4 Bxc4 20. bxc4 Bh6 21. Bc1 Bxc1 22.
Rxc1 Kg7 23. Kg2 Qa4 24. g5 Nh7 25. Qg3 Qxa3 26. f4 Qe7 27. h4 exf4 28. Nxf4 c6
29. Rf2 Rd7 30. Rcf1 Nf8 31. Qf3 Qd6 32. Ne2 Re6 33. Nf4 Ree7 34. Ne2 Kg8 35.
c3 dxc3 36. d4 Qe6 37. d5 Qxe4 38. Nxc3 Qxc4 39. Rd1 Qxh4 40. d6 Re6 41. Kf1
Qc4+ 42. Kg2 Nh7 43. Qg3 Qg4 44. Qxg4 hxg4 45. Rf4 Nxg5 46. Rxg4 f6 47. Rgd4 b5
48. R1d3 f5 49. Kg3 Ne4+ 0-1

[Event "4NCL 3 South pool B"]
[Site "Telford, ENG ENG"]
[Date "2015.11.14"]
[Round "1.99"]
[White "Bellers, Chris J"]
[Black "Kay, Jonathan"]
[Result "0-1"]
[WhiteElo "2018"]
[BlackElo "1935"]
[PlyCount "94"]
[EventDate "2015.11.14"]

1. c4 e6 2. g3 d5 3. Bg2 Nf6 4. Nf3 c6 5. O-O Bd6 6. b3 Nbd7 7. Bb2 O-O 8. d4
b6 9. Nbd2 Bb7 10. Qc2 Rc8 11. e4 dxe4 12. Nxe4 Nxe4 13. Qxe4 Nf6 14. Qd3 c5
15. Rad1 cxd4 16. Bxd4 Bc5 17. Bxc5 Qxd3 18. Rxd3 Rxc5 19. Rfd1 e5 20. Nd2 e4
21. Rd4 Re5 22. Nf1 Rfe8 23. Ne3 h5 24. Bh3 h4 25. gxh4 Nh5 26. Ng2 f5 27. Rd7
Bc8 28. R7d5 Kf7 29. Rxe5 Rxe5 30. Rd8 Be6 31. Rh8 Kg6 32. Ra8 Ra5 33. a4 Kf6
34. Rh8 g6 35. Rh7 b5 36. Rc7 bxa4 37. bxa4 Rxa4 38. Ne3 Ra1+ 39. Bf1 f4 40.
Nd5+ Bxd5 41. cxd5 Ke5 42. Rc6 f3 43. Ra6 Rd1 44. d6 Nf4 45. h3 Ne2+ 46. Kh2
Rxf1 47. d7 Rxf2+ 0-1

[Event "4NCL 3 South pool B"]
[Site "Telford, ENG ENG"]
[Date "2015.11.14"]
[Round "1.99"]
[White "Dydak, Mateusz"]
[Black "Gregory, Keith D F"]
[Result "1/2-1/2"]
[WhiteElo "1877"]
[BlackElo "2014"]
[PlyCount "101"]
[EventDate "2015.11.14"]

1. f4 d6 2. e4 Nd7 3. Nf3 e5 4. Bc4 h6 5. O-O exf4 6. d4 g5 7. e5 Nb6 8. Bb3 d5
9. a4 Be6 10. a5 Nc8 11. a6 b5 12. Bd2 Nb6 13. Ne1 Nc4 14. Nd3 Qd7 15. Qc1 Rb8
16. Bb4 Bxb4 17. Nxb4 Rb6 18. Nd3 Ne7 19. Nc5 Qc6 20. Re1 Bf5 21. Nd2 Qg6 22.
Bxc4 bxc4 23. c3 Be6 24. b3 cxb3 25. Ndxb3 O-O 26. Na5 Nc6 27. Nab7 Nb8 28. Rb1
Bf5 29. Rb4 Qc6 30. e6 fxe6 31. Re5 Nxa6 32. Na5 Qd6 33. Nab7 Qc6 34. Na5 Qa8
35. Nxa6 Rxa6 36. Nb7 Rb6 37. Nc5 Qc6 38. Qa3 Rfb8 39. Re1 Ra8 40. Qa5 Rab8 41.
Ra1 Rxb4 42. cxb4 Qb6 43. b5 Qxb5 44. Qxc7 Qb2 45. Rd1 Be4 46. Nxe4 dxe4 47.
Qe5 Qb3 48. Ra1 f3 49. Qxe4 f2+ 50. Kh1 Qc4 51. Qg6+ 1/2-1/2

[Event "4NCL 3 South pool B"]
[Site "Telford, ENG ENG"]
[Date "2015.11.14"]
[Round "1.99"]
[White "Adaway, William"]
[Black "Mc Aleenan, Charles"]
[Result "1-0"]
[WhiteElo "1953"]
[BlackElo "1885"]
[PlyCount "75"]
[EventDate "2015.11.14"]

1. e4 e6 2. Qe2 c5 3. Nf3 Nc6 4. g3 g6 5. Bg2 d6 6. O-O Bg7 7. Na3 a6 8. c3
Nge7 9. Nc2 O-O 10. d4 cxd4 11. Nfxd4 Nxd4 12. Nxd4 Nc6 13. Nb3 Qc7 14. Bg5 h6
15. Be3 Ne5 16. Nd2 Bd7 17. a4 Rac8 18. f4 Nc4 19. Nxc4 Qxc4 20. Qxc4 Rxc4 21.
Rfd1 Rxa4 22. Rxa4 Bxa4 23. Rxd6 Bc6 24. e5 Bxg2 25. Kxg2 Ra8 26. Rb6 Rb8 27.
Bc5 Bf8 28. Bd6 Bxd6 29. exd6 Rd8 30. Kf3 Kg7 31. Ke4 Kf6 32. c4 Rd7 33. c5 h5
34. h3 g5 35. fxg5+ Kxg5 36. Ke5 Kg6 37. Rxa6 Kg7 38. Ra7 1-0

[Event "4NCL 3 South pool B"]
[Site "Telford, ENG ENG"]
[Date "2015.11.14"]
[Round "1.99"]
[White "Vachtfeidl, Petr"]
[Black "Page, Mark E"]
[Result "1-0"]
[WhiteElo "1974"]
[BlackElo "2047"]
[PlyCount "63"]
[EventDate "2015.11.14"]

1. e4 c5 2. Nf3 d6 3. d4 cxd4 4. Nxd4 Nf6 5. Nc3 a6 6. Be3 e5 7. Nb3 Be6 8. Qd2
Be7 9. f3 h5 10. Nd5 Bxd5 11. exd5 Nbd7 12. Be2 O-O 13. O-O Re8 14. Na5 Qc7 15.
a4 Bf8 16. c4 e4 17. f4 Ng4 18. Bd4 f5 19. b4 g6 20. Rfc1 b6 21. Nb3 Bh6 22. h3
Ngf6 23. Be3 Bg7 24. a5 bxa5 25. Rxa5 Kh7 26. c5 Reb8 27. Rxa6 Rxa6 28. Bxa6
dxc5 29. Nxc5 Qd6 30. Be2 Qxd5 31. Nxd7 Qxd2 32. Nxf6+ 1-0

[Event "4NCL 3 South pool B"]
[Site "Telford, ENG ENG"]
[Date "2015.11.14"]
[Round "1.99"]
[White "Paterson, Andrew I"]
[Black "Vlcek, Marek"]
[Result "1-0"]
[WhiteElo "2080"]
[BlackElo "1968"]
[PlyCount "73"]
[EventDate "2015.11.14"]

1. c4 Nf6 2. Nc3 e6 3. e4 Bb4 4. e5 Ng8 5. Qg4 g6 6. d4 d5 7. c5 f5 8. Qg3 c6
9. h4 b6 10. h5 Ne7 11. hxg6 f4 12. Qxf4 Nxg6 13. Qg3 Qe7 14. Nf3 bxc5 15. a3
Ba5 16. Bg5 Qf7 17. Bf6 Rg8 18. Ng5 Qb7 19. b4 cxb4 20. Rxh7 Nd7 21. Nf7 Bc7
22. Bd3 Ndf8 23. Nd6+ Bxd6 24. Rxb7 Bxb7 25. exd6 bxc3 26. Rb1 Bc8 27. Qh2 a5
28. Qh5 e5 29. dxe5 Be6 30. Rb7 Bf7 31. Qh3 Ne6 32. d7+ Kf8 33. Qh6+ Ng7 34.
Bxg6 Be6 35. Bxg7+ Rxg7 36. d8=Q+ Rxd8 37. Qxg7# 1-0

[Event "4NCL 3 South pool B"]
[Site "Telford, ENG ENG"]
[Date "2015.11.14"]
[Round "1.99"]
[White "Mashayekh, Majid"]
[Black "Cooper, David M"]
[Result "1/2-1/2"]
[WhiteElo "1942"]
[BlackElo "2056"]
[PlyCount "58"]
[EventDate "2015.11.14"]

1. Nf3 d5 2. e3 Nf6 3. b3 Bf5 4. Bb2 e6 5. d3 Nbd7 6. Nbd2 Be7 7. Be2 O-O 8.
O-O h6 9. c4 c6 10. Qc2 Rc8 11. e4 Bh7 12. Rad1 Qb6 13. a3 a5 14. Qc3 Rfd8 15.
Rde1 Bf8 16. Bd1 c5 17. e5 d4 18. Qc2 Ne8 19. Ne4 Qc6 20. Qd2 Ra8 21. Qf4 Be7
22. Qg3 Kh8 23. Nfd2 f5 24. exf6 Nexf6 25. Bf3 Qb6 26. Bc1 Rf8 27. Qh3 Ne5 28.
Bd1 Bf5 29. Qf3 Nf7 1/2-1/2

[Event "4NCL 3 South pool B"]
[Site "Telford, ENG ENG"]
[Date "2015.11.14"]
[Round "1.99"]
[White "Ali, Golam S"]
[Black "Amato, Giampiero"]
[Result "0-1"]
[WhiteElo "2012"]
[BlackElo "1972"]
[PlyCount "124"]
[EventDate "2015.11.14"]

1. d4 Nf6 2. Nf3 g6 3. c4 Bg7 4. b3 O-O 5. Bb2 d5 6. e3 c5 7. Nbd2 Nc6 8. Be2
cxd4 9. Nxd4 Nxd4 10. Bxd4 Re8 11. f4 dxc4 12. bxc4 Be6 13. Rb1 b6 14. g4 Rc8
15. O-O Qd7 16. h3 Red8 17. Qe1 h5 18. Nf3 hxg4 19. Ne5 Qc7 20. hxg4 Nd7 21.
Qg3 Nxe5 22. fxe5 Bxc4 23. Rfc1 b5 24. Bf3 Qd7 25. Rd1 Qe6 26. Rb2 a6 27. Rh2
Bd5 28. Bxd5 Rxd5 29. Rf1 Rd7 30. Qh3 Rdc7 31. Qh7+ Kf8 32. Rhf2 Rc1 33. Qh3
Rxf1+ 34. Rxf1 Kg8 35. Qf3 Qc4 36. Qb7 Qe6 37. Qg2 Qc6 38. Qf2 Qd5 39. g5 Rc7
40. Bb6 Rd7 41. Bd4 Rc7 42. Qh2 Rc8 43. Qb2 Qe6 44. Rf4 Rc4 45. Qf2 Qc6 46. Qh4
Rc1+ 47. Rf1 Rxf1+ 48. Kxf1 Qc4+ 49. Kg1 Qxa2 50. Qe4 Qe6 51. Qa8+ Bf8 52. Qb7
Qg4+ 53. Kf1 Qh3+ 54. Ke2 Qh2+ 55. Kd3 Qa2 56. e6 Qxe6 57. Qh1 f6 58. gxf6 exf6
59. Qh4 Qc4+ 60. Ke4 f5+ 61. Ke5 Qc7+ 62. Ke6 Qd6# 0-1

[Event "4NCL 3 South pool B"]
[Site "Telford, ENG ENG"]
[Date "2015.11.14"]
[Round "1.99"]
[White "Kane, Robert"]
[Black "Cundy, Mark A"]
[Result "1/2-1/2"]
[WhiteElo "1930"]
[BlackElo "2012"]
[PlyCount "51"]
[EventDate "2015.11.14"]

1. d4 f5 2. Nc3 d5 3. Bf4 Nf6 4. e3 e6 5. Nf3 Bd6 6. Ne5 O-O 7. Bd3 Nc6 8. Nxc6
bxc6 9. O-O Qe7 10. Na4 c5 11. dxc5 Bxc5 12. Nxc5 Qxc5 13. c4 c6 14. Qa4 Qb6
15. c5 Qb7 16. b4 a5 17. b5 Bd7 18. Rab1 cxb5 19. Bxb5 Bxb5 20. Qxb5 Qxb5 21.
Rxb5 Rfc8 22. f3 Rc6 23. a4 Nd7 24. Bd6 Rac8 25. Rxa5 Nxc5 26. Bxc5 1/2-1/2

[Event "4NCL 3 South pool B"]
[Site "Telford, ENG ENG"]
[Date "2015.11.14"]
[Round "1.99"]
[White "Webster, Paul"]
[Black "Fowler, David"]
[Result "1/2-1/2"]
[WhiteElo "1972"]
[BlackElo "1906"]
[PlyCount "132"]
[EventDate "2015.11.14"]

1. d4 d5 2. c4 e6 3. Nc3 c6 4. e3 Nf6 5. Nf3 Nbd7 6. Bd3 dxc4 7. Bxc4 b5 8. Bd3
Bd6 9. O-O O-O 10. Qc2 Bb7 11. Ne4 Nxe4 12. Bxe4 Nf6 13. Bd3 Qb8 14. e4 e5 15.
dxe5 Bxe5 16. Nxe5 Qxe5 17. f3 Qd4+ 18. Kh1 Rad8 19. Be2 a6 20. Bg5 c5 21. Qc3
Qxc3 22. bxc3 Rd6 23. Be3 Rfd8 24. Bxc5 Rd2 25. Rfd1 Rxd1+ 26. Rxd1 Rxd1+ 27.
Bxd1 Nd7 28. Bd4 Nb8 29. Kg1 Nc6 30. Kf2 Na5 31. Ke3 Nc4+ 32. Kf4 h5 33. Kg5 g6
34. Bb3 Kf8 35. Kf6 Bc8 36. h3 Bb7 37. Bc2 Bc6 38. e5 Bd7 39. Bc5+ Ke8 40. e6
Bxe6 41. Bxg6 Nd2 42. a3 h4 43. Bd3 Kd7 44. Kg5 Kc6 45. Bd4 Nc4 46. Bxc4 Bxc4
47. Kxh4 Kd5 48. Kg4 a5 49. Bb6 Bf1 50. Kg3 a4 51. h4 Ke5 52. Kf2 Bd3 53. g4
Kf6 54. Ke3 Bc2 55. h5 Bd1 56. Bd8+ Kg7 57. Kf4 Bc2 58. Kg5 Bd1 59. Bf6+ Kh7
60. Kf4 Be2 61. Kg3 Kh6 62. Be7 Kh7 63. f4 f5 64. gxf5 Bxh5 65. Kh4 Bf7 66. Kg5
Kg8 1/2-1/2

[Event "4NCL 3 South pool B"]
[Site "Telford, ENG ENG"]
[Date "2015.11.14"]
[Round "1.99"]
[White "Lambourne, Dan M"]
[Black "Mercs, Peter J"]
[Result "0-1"]
[WhiteElo "2006"]
[BlackElo "2099"]
[PlyCount "65"]
[EventDate "2015.11.14"]

1. Nf3 c5 2. c4 g6 3. g3 Bg7 4. Bg2 Nc6 5. O-O e5 6. Nc3 Nge7 7. d3 d6 8. Bg5
h6 9. Bd2 O-O 10. Qc1 Kh7 11. Rb1 Be6 12. a3 a5 13. e4 Nd4 14. Nxd4 cxd4 15.
Nb5 Nc6 16. b4 axb4 17. Bxb4 Nxb4 18. Rxb4 Qd7 19. f4 f5 20. Qe1 Rfd8 21. Qd2
Rab8 22. Rb3 fxe4 23. Bxe4 d5 24. cxd5 Bxd5 25. Rbb1 Rf8 26. Bxd5 Qxd5 27. Qg2
Qd7 28. fxe5 Rxf1+ 29. Qxf1 Bxe5 30. Qe2 Bg7 31. a4 Re8 32. Qd2 h5 33. Qf4 0-1

[Event "4NCL 3 South pool B"]
[Site "Telford, ENG ENG"]
[Date "2015.11.14"]
[Round "1.99"]
[White "Combie, Alex B"]
[Black "Smith, Graham"]
[Result "1-0"]
[WhiteElo "2041"]
[BlackElo "2031"]
[PlyCount "59"]
[EventDate "2015.11.14"]

1. d4 Nc6 2. d5 Ne5 3. e4 e6 4. f4 Ng6 5. dxe6 fxe6 6. Nc3 Bb4 7. Nge2 Nf6 8.
a3 Ba5 9. b4 Bb6 10. Nd4 e5 11. Nf5 d5 12. Nxg7+ Kf7 13. Nf5 dxe4 14. Bc4+ Be6
15. Nh6+ Ke7 16. Qxd8+ Raxd8 17. Bxe6 Bd4 18. Bb2 Nxf4 19. Bh3 Nxh3 20. gxh3
Ke6 21. Ng4 Nd5 22. Nxd5 Bxb2 23. Rb1 Bd4 24. Nxc7+ Kd7 25. Nb5 h5 26. Nf6+ Kc6
27. Nxd4+ exd4 28. Kd2 e3+ 29. Kd3 Rdf8 30. Rhf1 1-0

[Event "4NCL 3 South pool B"]
[Site "Telford, ENG ENG"]
[Date "2015.11.14"]
[Round "1.99"]
[White "Freeman, Richard C P"]
[Black "George, Matthew P"]
[Result "1-0"]
[WhiteElo "1996"]
[BlackElo "2055"]
[PlyCount "45"]
[EventDate "2015.11.14"]

1. f4 c5 2. Nf3 Nc6 3. e4 d5 4. exd5 Qxd5 5. Nc3 Qd8 6. Bc4 Nf6 7. O-O Bg4 8.
d3 e6 9. h3 Bh5 10. Qe1 Be7 11. Ne5 Nd4 12. Qf2 a6 13. a4 Qc7 14. Be3 Nd7 15.
Nxd7 Qxd7 16. Ne4 b6 17. Bxd4 Qxd4 18. Qxd4 cxd4 19. g4 Bg6 20. f5 exf5 21.
gxf5 Bh5 22. f6 Bc5 23. fxg7 1-0

[Event "4NCL 3 South pool B"]
[Site "Telford, ENG ENG"]
[Date "2015.11.14"]
[Round "1.99"]
[White "George, Andrew P"]
[Black "Valentine, Brian J"]
[Result "1/2-1/2"]
[WhiteElo "2035"]
[BlackElo "1968"]
[PlyCount "85"]
[EventDate "2015.11.14"]

1. c4 c5 2. g3 g6 3. Bg2 Bg7 4. Nc3 Nc6 5. e4 e6 6. Nge2 Nge7 7. d3 a6 8. O-O
O-O 9. Bg5 d6 10. Qd2 Rb8 11. Bh6 b5 12. Bxg7 Kxg7 13. b3 e5 14. h3 Nd4 15.
Nxd4 cxd4 16. Ne2 f5 17. Kh2 Bb7 18. f4 fxe4 19. dxe4 bxc4 20. Nxd4 exd4 21.
Qxd4+ Kf7 22. f5 gxf5 23. Qxc4+ Ke8 24. Rad1 Qc8 25. Qd4 Qc5 26. Qd2 Kd7 27.
Rc1 Qe5 28. exf5 Bxg2 29. Qxg2 Rxf5 30. Rfe1 Qd5 31. Qe2 Re8 32. Rc2 Re5 33.
Qg4+ Kd8 34. Rd1 Qe6 35. Qf3 d5 36. Rdd2 Re3 37. Qd1 Qe5 38. Rg2 Qf5 39. Qd4
Qe6 40. Qc5 Qe5 41. Qa5+ Kd7 42. Qa4+ Kd8 43. Qa5+ 1/2-1/2

[Event "4NCL 3 South pool B"]
[Site "Telford, ENG ENG"]
[Date "2015.11.14"]
[Round "1.99"]
[White "Majer, Chris E"]
[Black "Walker, Andrew N"]
[Result "1/2-1/2"]
[WhiteElo "1933"]
[BlackElo "2088"]
[PlyCount "35"]
[EventDate "2015.11.14"]

1. e4 e5 2. Bc4 Nc6 3. Nc3 Nf6 4. d3 Bc5 5. f4 exf4 6. Bxf4 d6 7. Qd2 Be6 8.
Bxe6 fxe6 9. O-O-O Qd7 10. Nf3 O-O-O 11. Na4 Bb6 12. Nxb6+ axb6 13. Rhf1 e5 14.
Bg5 Rdf8 15. Nh4 Qe6 16. Kb1 h6 17. Be3 Ne7 18. h3 1/2-1/2

[Event "4NCL 3 South pool B"]
[Site "Telford, ENG ENG"]
[Date "2015.11.14"]
[Round "1.99"]
[White "Jarvis, Derek A"]
[Black "Whiteside, Robert"]
[Result "1/2-1/2"]
[WhiteElo "1921"]
[BlackElo "1821"]
[PlyCount "46"]
[EventDate "2015.11.14"]

1. e4 e6 2. d4 d5 3. Nd2 Nf6 4. e5 Nfd7 5. Bd3 c5 6. c3 Nc6 7. Ne2 cxd4 8. cxd4
Qb6 9. O-O Nxd4 10. Nxd4 Qxd4 11. Nf3 Qb6 12. Qa4 Bc5 13. Qg4 Kf8 14. a3 Qb3
15. Bb1 b6 16. Ba2 Qc2 17. b4 Ba6 18. bxc5 Bxf1 19. Nd4 Qc3 20. Nxe6+ fxe6 21.
Qxe6 Bb5 22. Qd6+ Ke8 23. Qe6+ Kf8 1/2-1/2